[Event "Budapest IM"]
[Site "Budapest"]
[Date "1992.??.??"]
[Round "8"]
[White "Navarovszky, Laszlo"]
[Black "Tangborn, Eric"]
[Result "1/2-1/2"]
[WhiteElo "2340"]
[BlackElo "2355"]

1.d4 Nf6 2.c4 e6 3.Nc3 Bb4 4.Nf3 c5 5.Bg5 h6 6.Bxf6 Bxc3+ 7.bxc3 Qxf6 8.e4 d6
9.e5 Qe7 10.Bd3 dxe5 11.Nxe5 Nd7 12.O-O O-O 13.Qf3 Nxe5 14.dxe5 Rb8 15.Rad1 b6
16.Qe4 g6 17.Qf4 Kg7 18.h4 Bb7 19.Qg3 Rbd8 20.f4 h5 21.f5 exf5 22.Bxf5 Rxd1
23.Rxd1 Bc8 24.Bxc8 Rxc8 25.Qf4  1/2-1/2

[Event "Donau Cup op"]
[Site "Budapest"]
[Date "1992.??.??"]
[Round "8"]
[White "Groszpeter, Attila"]
[Black "Kozlov, Oleg"]
[Result "1-0"]
[WhiteElo "2495"]
[BlackElo "2365"]

1.d4 Nf6 2.c4 e6 3.Nc3 Bb4 4.Nf3 c5 5.g3 cxd4 6.Nxd4 O-O 7.Bg2 d5 8.cxd5 Nxd5
9.Bd2 Bxc3 10.bxc3 e5 11.Nb3 Nb6 12.a4 Nc6 13.a5 Nc4 14.Bc1 Qxd1+ 15.Kxd1 Bf5
16.a6 Rfd8+ 17.Ke1 Bc2 18.Nd2 Rab8 19.axb7 N6a5 20.Ra2 Bf5 21.Nxc4 Nxc4 22.Rxa7 Bc2
23.f4 e4 24.Kf2 Rd7 25.Ra2 Bb3 26.Ra8 Rxb7 27.Rxb8+ Rxb8 28.Bxe4 Nd6 29.Bf3 Bc2
30.Be3 Rc8 31.Bd4 Ne4+ 32.Kg2 Nxc3  1-0

[Event "Wch U20"]
[Site "Buenos Aires"]
[Date "1992.??.??"]
[Round "?"]
[White "Hsu Li Yang"]
[Black "Watanabe, Roberto"]
[Result "1/2-1/2"]
[WhiteElo "2455"]
[BlackElo "2380"]

1.d4 Nf6 2.c4 e6 3.Nc3 Bb4 4.Nf3 b6 5.g3 Bb7 6.Bg2 O-O 7.Qc2 c5 8.O-O cxd4
9.Nxd4 Bxg2 10.Kxg2 Qc8 11.Qd3 Nc6 12.Qe3 Na5 13.b3 d5 14.Nc2 Bxc3 15.Qxc3 dxc4
16.b4 Nd5 17.Qf3 Nc6 18.b5 Ne5 19.Qe4 Ng6 20.a4 f5 21.Qf3 Ne5 22.Qa3 c3 23.Ne3 Nc4
24.Nxd5 Qb7 25.Qxc3 Qxd5+ 26.Qf3 Rfd8 27.Bg5 Qxf3+ 28.Kxf3 Rd4 29.Rfd1 Rxd1
30.Rxd1 h6 31.Bf4 e5 32.Bc1 Rf8 33.h4 a6 34.e4 axb5 35.axb5 fxe4+ 36.Kxe4 Rxf2
37.Kd5 Rc2 38.g4 Kf7 39.h5 Ke7 40.Rf1 e4 41.Kxe4 Nd6+ 42.Kf4 Nxb5 43.g5 hxg5+
44.Kxg5 Rg2+ 45.Kf4 Nd4 46.Be3 Ne6+ 47.Ke4 Rb2 48.h6 gxh6 49.Bxh6 Kd6 50.Be3 Nc5+
51.Kf3 Kd5 52.Rh1 Rc2 53.Rh5+ Kc4 54.Rh4+ Kb3 55.Rh5 Kb4 56.Rh4+ Ka3 57.Rh5 Kb3
58.Bg1 Rc4 59.Ke2 Kb4 60.Kd1 Kb5 61.Bf2 Kc6 62.Rh6+ Kb5  1/2-1/2

[Event "Grand Prix II"]
[Site "Buenos Aires"]
[Date "1992.??.??"]
[Round "3"]
[White "Rodi, Luis Ernesto"]
[Black "Debarnot, Roberto"]
[Result "1/2-1/2"]
[WhiteElo "2255"]
[BlackElo "2350"]

1.d4 Nf6 2.c4 e6 3.Nf3 Bb4+ 4.Nc3 c5 5.g3 Nc6 6.Bg2 d5 7.O-O dxc4 8.Qa4 O-O
9.dxc5 Qa5 10.Qxa5 Nxa5 11.Bd2 Rd8 12.Rac1 Bd7 13.Nb1 Bxd2 14.Nfxd2 Bb5 15.Rfe1 Rac8
16.b4 cxb3 17.Nxb3 Nxb3 18.axb3 Bc6 19.Red1 Rxd1+ 20.Rxd1 Kf8 21.b4 Ke7 22.Nc3 a5
23.Bxc6 Rxc6 24.Rb1 Nd7  1/2-1/2

[Event "Buenos Aires CA"]
[Site "Buenos Aires"]
[Date "1992.??.??"]
[Round "6"]
[White "Tempone, Marcelo"]
[Black "Slipak, Sergio"]
[Result "1-0"]
[WhiteElo "2455"]
[BlackElo "2430"]

1.c4 e6 2.d4 Nf6 3.Nc3 Bb4 4.Nf3 b6 5.Bg5 Bb7 6.e3 h6 7.Bh4 Bxc3+ 8.bxc3 Qe7
9.Bd3 g5 10.Bg3 d6 11.Qc2 Nc6 12.e4 e5 13.d5 Nb8 14.c5 bxc5 15.Rb1 Bc8 16.Qa4+ Nfd7
17.h4 g4 18.Nh2 h5 19.O-O O-O 20.f3 gxf3 21.Rxf3 Nf6 22.Rbf1 Ng4 23.Qc2 Nxh2
24.Kxh2 f5 25.exf5 Qf6 26.Be1 Kh8 27.Rg3 c4 28.Rg6 Qf7 29.Qd2 Qh7 30.Be4  1-0

[Event "BUL-ch"]
[Site "BUL"]
[Date "1992.??.??"]
[Round "2"]
[White "Petkov, Vladimir"]
[Black "Topalov, Veselin"]
[Result "1-0"]
[WhiteElo "2260"]
[BlackElo "2460"]

1.d4 e6 2.Nf3 Nf6 3.c4 Bb4+ 4.Nc3 c5 5.g3 cxd4 6.Nxd4 O-O 7.Bg2 d5 8.cxd5 Nxd5
9.Bd2 Bxc3 10.bxc3 e5 11.Nb3 Nb6 12.Na5 Qc7 13.O-O Na6 14.c4 Rd8 15.Qc2 Rb8
16.Rfc1 Nc5 17.Rab1 Bf5 18.Qxf5 Rxd2 19.Rb5 Rxe2 20.Nc6 bxc6 21.Rxc5 Qd6
22.Rxc6 Qd2 23.Rf1 g6 24.Qf6 e4 25.Rd6 Qb2 26.Qxb2 Rxb2 27.c5 Nc4 28.Rd7 e3
29.c6 Ne5 30.Rb7 R8xb7 31.cxb7 Nc4 32.Bd5 e2 33.Re1 Nd6 34.Rxe2 Rb5 35.Re7  1-0

[Event "Caciulata"]
[Site "Calimanesti"]
[Date "1992.??.??"]
[Round "?"]
[White "Marin, Mihail"]
[Black "Ionescu, Cristian"]
[Result "1/2-1/2"]
[WhiteElo "2525"]
[BlackElo "2280"]

1.d4 Nf6 2.c4 e6 3.Nc3 Bb4 4.Nf3 b6 5.Bg5 Bb7 6.e3 d6 7.a3 Bxc3+ 8.bxc3 c5
9.Bd3 Nbd7 10.Qc2 h6 11.Bh4 g5 12.Bg3 Qe7  1/2-1/2

[Event "EU-chT (Men)"]
[Site "Debrecen"]
[Date "1992.??.??"]
[Round "5"]
[White "Hauchard, Arnaud"]
[Black "Dizdar, Goran"]
[Result "0-1"]
[WhiteElo "2420"]
[BlackElo "2495"]

1.d4 Nf6 2.c4 e6 3.Nc3 Bb4 4.Nf3 d5 5.cxd5 exd5 6.Bg5 h6 7.Bxf6 Qxf6 8.Qb3 Qb6
9.a3 Ba5 10.Qc2 Bf5 11.Qa4+ Bd7 12.Qc2 Bf5 13.Qc1 Qb3 14.Nd2 Bxc3 15.bxc3 Qb6
16.e3 O-O 17.a4 c5 18.a5 Qc7 19.Be2 Nd7 20.O-O Nf6 21.Qa3 c4 22.Rfe1 Rfe8
23.Ra2 Re6 24.Qb4 Rae8 25.Rb2 R8e7 26.Nf1 h5 27.Ng3 Bg6 28.Bf3 h4 29.Ne2 Bf5
30.Qb5 Rc6 31.Bxd5 Nxd5 32.Qxd5 Be4 33.Qb5 Rg6 34.Nf4 Bc6 35.Nxg6 Bxb5 36.Nxe7+ Qxe7
37.Rxb5 Qa3 38.Rxb7 Qxc3 39.Rd1 Qxa5 40.d5 c3 41.d6 c2 42.Rf1 h3 43.d7 Qg5
44.g3 Kh7 45.Rb5 Qe7 46.Rh5+ Kg6 47.Rxh3 Qxd7 48.Rh4 Qd3  0-1

[Event "EU-chT (Women)"]
[Site "Debrecen"]
[Date "1992.??.??"]
[Round "7"]
[White "Fischdick, Gisela"]
[Black "Koen, Maja"]
[Result "1-0"]
[WhiteElo "2265"]
[BlackElo "2255"]

1.d4 Nf6 2.c4 e6 3.Nc3 Bb4 4.Nf3 c5 5.g3 cxd4 6.Nxd4 O-O 7.Bg2 d5 8.Qb3 Bxc3+
9.bxc3 dxc4 10.Qa3 Nc6 11.Nxc6 bxc6 12.Bxc6 Rb8 13.Qxa7 Rb6 14.Bf3 Nd7 15.Be3 Ra6
16.Qd4 Qc7 17.O-O e5 18.Qh4 Re8 19.Rfd1 Ra3 20.Bd2 Nf8 21.Qe4 Be6 22.Bc1 Ra5
23.Qc6 Qxc6 24.Bxc6 Rc8 25.Be4 f5 26.Bg2 h6 27.e4 fxe4 28.Bxe4 Kf7 29.f4 Bg4
30.Rd5 Rxd5 31.Bxd5+ Be6 32.Be4 Nd7 33.f5  1-0

[Event "Wch U18 Girls"]
[Site "Duisburg"]
[Date "1992.??.??"]
[Round "4"]
[White "Lanchava, Tea"]
[Black "Kadimova, Ilaha"]
[Result "0-1"]
[WhiteElo "2185"]
[BlackElo "2270"]

1.d4 Nf6 2.c4 e6 3.Nc3 Bb4 4.Nf3 c5 5.g3 cxd4 6.Nxd4 O-O 7.Bg2 d5 8.cxd5 Nxd5
9.Bd2 Nb6 10.Nc2 Be7 11.Ne3 Nc6 12.O-O e5 13.Ncd5 Nxd5 14.Nxd5 Be6 15.Nxe7+ Qxe7
16.Qa4 Rfd8 17.Rad1 Bd5 18.e4 Be6 19.Bc3 a6 20.f4 Qc5+ 21.Kh1 b5 22.Rxd8+ Rxd8
23.Qxa6 b4 24.Bxe5 Nxe5 25.fxe5 Bc4 26.Rc1 Bxa6 27.Rxc5 Rd1+ 28.Bf1 Kf8  0-1

[Event "Troll Masters"]
[Site "Gausdal"]
[Date "1992.??.??"]
[Round "2"]
[White "Dannevig, Oystein"]
[Black "Lerner, Konstantin Z"]
[Result "0-1"]
[WhiteElo "2275"]
[BlackElo "2515"]

1.d4 Nf6 2.c4 e6 3.Nc3 Bb4 4.Nf3 b6 5.Bg5 Bb7 6.e3 h6 7.Bh4 Bxc3+ 8.bxc3 d6
9.Nd2 g5 10.Bg3 Qe7 11.h4 Rg8 12.hxg5 hxg5 13.Rb1 Nc6 14.Qa4 O-O-O 15.Rb5 Nd7
16.Be2 Rh8 17.Rxh8 Rxh8 18.Bf3 f5 19.Rb2 Ndb8 20.c5 Rh1+ 21.Ke2 d5 22.cxb6 axb6
23.Kd3 Ba6+ 24.Kc2 f4 25.exf4 Qh7+ 26.f5 Qxf5+ 27.Kb3 b5  0-1

[Event "Troll Masters"]
[Site "Gausdal"]
[Date "1992.??.??"]
[Round "5"]
[White "Dannevig, Oystein"]
[Black "Grant, Jonathan"]
[Result "1/2-1/2"]
[WhiteElo "2275"]
[BlackElo "2245"]

1.d4 Nf6 2.c4 e6 3.Nc3 Bb4 4.Nf3 c5 5.g3 cxd4 6.Nxd4 O-O 7.Bg2 d5 8.O-O dxc4
9.Nc2 Bxc3 10.bxc3 Qc7 11.Na3 Nbd7 12.Qd4 Nb6 13.Bf4 Qd7 14.Qxd7 Nfxd7 15.Bd6 Rd8
16.Bc7 Re8 17.Nb5 Nd5 18.Bxd5 exd5 19.Bf4 Rxe2 20.Rfe1 Rxe1+ 21.Rxe1 Nf6
22.Nc7 Rb8 23.Nxd5 Ra8 24.Nc7 Rb8 25.Nd5  1/2-1/2

[Event "Troll Masters"]
[Site "Gausdal"]
[Date "1992.??.??"]
[Round "8"]
[White "Tisdall, Jonathan D"]
[Black "Fossan, Erik"]
[Result "1/2-1/2"]
[WhiteElo "2455"]
[BlackElo "2315"]

1.d4 Nf6 2.c4 e6 3.Nc3 Bb4 4.Nf3 c5 5.g3 Ne4 6.Qd3 Qa5 7.Qxe4 Bxc3+ 8.Bd2 Bxd2+
9.Nxd2 Nc6 10.d5 Nd4 11.Bg2 Nb3 12.Rd1 Qxa2 13.O-O Qxb2 14.Nxb3 Qxb3 15.dxe6 dxe6
16.Qe5 O-O 17.Qxc5 e5 18.Rb1 Qa2 19.e3 Be6 20.Rxb7 Bxc4 21.Rc1 Rac8 22.Qxe5 Qd2
23.Ra1 a6 24.Rb2 Qd7 25.h4 Rfe8 26.Qf4 Bb5 27.Bf1  1/2-1/2

[Event "Troll Masters"]
[Site "Gausdal"]
[Date "1992.??.??"]
[Round "8"]
[White "Dannevig, Oystein"]
[Black "Motwani, Paul"]
[Result "0-1"]
[WhiteElo "2275"]
[BlackElo "2455"]

1.d4 e6 2.c4 Nf6 3.Nc3 Bb4 4.Nf3 c5 5.g3 cxd4 6.Nxd4 O-O 7.Bg2 d5 8.O-O dxc4
9.Nc2 Bxc3 10.bxc3 Qa5 11.Ne3 Nc6 12.Nxc4 Qxc3 13.Qa4 Bd7 14.Bb2 Nd4 15.Bxc3 Nxe2+
16.Kh1 Bxa4 17.Be5 Rac8 18.Nd6 Rc5 19.f4 Ng4 20.Nxb7 Rc2 21.Be4 f5 22.Bf3 Nxe5
23.fxe5 Nd4  0-1

[Event "Geraardsbergen op"]
[Site "Geraardsbergen"]
[Date "1992.??.??"]
[Round "6"]
[White "Krijgelmans, Johan"]
[Black "Winants, Luc"]
[Result "0-1"]
[WhiteElo "2225"]
[BlackElo "2505"]

1.d4 Nf6 2.c4 e6 3.Nc3 Bb4 4.Nf3 c5 5.e3 Nc6 6.Bd3 Bxc3+ 7.bxc3 d6 8.e4 e5
9.h3 h6 10.dxc5 dxc5 11.Nh2 Qa5 12.Bd2 Be6 13.Nf1 O-O-O 14.Qe2 Rxd3 15.Qxd3 Rd8
16.Qc2 Bxc4 17.f3 Bd3 18.Qb2 c4 19.Kf2 Nd7 20.Be3 Nc5 21.Bxc5 Qxc5+ 22.Ne3 g6
23.a4 a6 24.a5 Nxa5 25.Qa3 Qxa3 26.Rxa3 Nb3 27.Ng4 Kd7 28.Nxe5+ Ke6 29.Ng4 a5
30.Ne3 b5 31.Nd5 Kd6 32.Ke3 Kc5 33.Rxb3 cxb3 34.Kxd3 a4 35.Kd2 a3 36.Kc1 f5
37.Rd1 fxe4 38.fxe4 Re8 39.Nf6 Re6 40.e5 Kc4 41.Ne4 b2+ 42.Kc2 b4 43.Rd4+ Kb5
44.Rxb4+ Kc6 45.Ra4 Rxe5 46.Nd2 Re2 47.Rxa3 Rxd2+ 48.Kb1 Rxg2 49.Ra2 Kc5
50.Rxb2 Rg3 51.h4 Kc4 52.Rb7 Kxc3 53.Rh7 Rg1+ 54.Ka2 h5 55.Rd7 Rg4 56.Rd6 Kc4
57.Kb2 Kc5 58.Ra6 Kd4 59.Kc2 Ke3  0-1

[Event "Oberliga Nord N9192"]
[Site "Germany"]
[Date "1992.??.??"]
[Round "?"]
[White "Jaster, Robert"]
[Black "Chuchelov, Vladimir"]
[Result "1/2-1/2"]
[WhiteElo "2205"]
[BlackElo "2435"]

1.d4 Nf6 2.c4 e6 3.Nc3 Bb4 4.Nf3 b6 5.Bg5 Bb7 6.e3 h6 7.Bh4 g5 8.Bg3 Ne4
9.Qc2 Bxc3+ 10.bxc3 Nxg3 11.fxg3 d6 12.e4 g4 13.Nh4 Qg5 14.Bd3 Qe3+ 15.Qe2 Qxe2+
16.Kxe2 Nc6 17.Rhf1 Ke7 18.Rf4 Rhg8 19.Raf1 Raf8 20.Rf6 h5 21.Ke3 Nb8 22.d5 Nd7
23.Rh6 Rh8 24.Rxh8 Rxh8 25.dxe6 Kxe6 26.Nf5 Ne5 27.Ng7+ Kd7 28.Rf5 h4 29.gxh4 Rxh4
30.Rh5 Rxh5 31.Nxh5 Ke7 32.Be2 Bc8 33.Kf4 Be6 34.Ng3 Bxc4 35.Bxc4 Nxc4 36.Kxg4 Ne3+
37.Kf3 Nd1 38.Ne2 b5 39.g4 a5 40.h4 c5 41.g5 Kf8 42.h5 a4 43.Kf4 b4 44.cxb4 cxb4
45.Nd4 Nc3 46.Kf5 Nxa2 47.h6 Nc3 48.g6 fxg6+ 49.Kxg6 Kg8 50.Nc6 Nxe4 51.Nxb4 Nc5
52.Nc2 Kh8 53.Kf6 Kh7 54.Ke7  1/2-1/2

[Event "Bundesliga 9192"]
[Site "Germany"]
[Date "1992.??.??"]
[Round "?"]
[White "Schoene, Ralf"]
[Black "Schlosser, Philipp"]
[Result "1/2-1/2"]
[WhiteElo "2345"]
[BlackElo "2485"]

1.d4 Nf6 2.c4 e6 3.Nc3 Bb4 4.Nf3 c5 5.g3 O-O 6.Bg2 cxd4 7.Nxd4 d5 8.Qb3 Bxc3+
9.bxc3 e5 10.Nf3 dxc4 11.Qxc4 Nc6 12.O-O Be6 13.Qc5 Nd7 14.Qe3 Qa5 15.Ng5 Bf5
16.Ne4 Bxe4 17.Bxe4 Rad8 18.Qf3 Nc5 19.Bxc6 bxc6 20.Be3 Na4 21.c4 Nc3 22.Bxa7 Rd2
23.Bb6 Qxb6 24.Qxc3 Rxe2 25.Rae1 Rxa2  1/2-1/2

[Event "Bundesliga 9192"]
[Site "Germany"]
[Date "1992.??.??"]
[Round "?"]
[White "Schoene, Ralf"]
[Black "Hess, Ralf"]
[Result "1/2-1/2"]
[WhiteElo "2345"]
[BlackElo "2330"]

1.d4 Nf6 2.c4 e6 3.Nc3 Bb4 4.Nf3 b6 5.e3 O-O 6.Bd3 c5 7.O-O Bb7 8.Na4 Na6
9.a3 Ba5 10.Rb1 Rc8 11.Ne1 d5 12.Qe2 Bxe1 13.Rxe1 cxd4 14.exd4 dxc4 15.Bxc4 Nc7
16.Nc3 Qxd4 17.Be3 Qh4 18.h3 Ncd5 19.Bxd5 Nxd5 20.Nxd5 Bxd5 21.Qg4 Qxg4 22.hxg4 f6
23.Rbc1 g5 24.Rxc8 Rxc8 25.Rc1 Rxc1+ 26.Bxc1 Bb3 27.f3 Kf7 28.Kf2 Ke7 29.Bd2 a5
30.Be3 b5 31.Bb6 a4 32.Ke3 Bc4 33.Ba5 f5 34.gxf5 exf5 35.f4 g4 36.g3 h5 37.Be1 Ke6
38.Kd4  1/2-1/2

[Event "BL2-S9192"]
[Site "Germany"]
[Date "1992.??.??"]
[Round "?"]
[White "Lorscheid, Gerhard"]
[Black "Neunhoeffer, Helmut"]
[Result "0-1"]
[WhiteElo "2335"]
[BlackElo "2295"]

1.d4 Nf6 2.c4 e6 3.Nc3 Bb4 4.Nf3 c5 5.Qb3 Nc6 6.dxc5 Ne4 7.Bd2 Nxd2 8.Nxd2 Bxc5
9.e3 f5 10.Be2 O-O 11.O-O b6 12.Nf3 Bb7 13.Rad1 Qe7 14.a3 Rad8 15.Rd2 d6
16.Qa4 a5 17.Rb1 f4 18.e4 g5 19.b4 axb4 20.axb4 Ra8 21.bxc5 Rxa4 22.cxd6 Qg7
23.Nxa4 g4 24.Ne1 f3 25.Bf1 fxg2 26.Bxg2 Ne5 27.d7 Nxd7 28.Nxb6 Ne5 29.Nd7 Nf3+
30.Bxf3 gxf3+ 31.Kf1 Qh6  0-1

[Event "BL2-S9192"]
[Site "Germany"]
[Date "1992.??.??"]
[Round "?"]
[White "Lorscheid, Gerhard"]
[Black "Messmer, Martin"]
[Result "1/2-1/2"]
[WhiteElo "2335"]
[BlackElo "2340"]

1.d4 e6 2.Nf3 Nf6 3.c4 Bb4+ 4.Nc3 O-O 5.Bg5 d6 6.Rc1 Nbd7 7.e3 Qe8 8.Nd2 e5
9.Be2 h6 10.Bh4 exd4 11.exd4 Ne4 12.O-O Bxc3 13.bxc3 Nb6 14.Re1 Nxd2 15.Qxd2 Qa4
16.Qd3 Be6 17.d5 Bxd5 18.Qg3 Be4 19.Bf6 Bg6 20.Bd3 Rae8 21.Bxg6 fxg6 22.Qxg6 Rxe1+
23.Rxe1 Rxf6 24.Re8+  1/2-1/2

[Event "Graz"]
[Site "Graz"]
[Date "1992.??.??"]
[Round "6"]
[White "Frosch, Erich"]
[Black "Rigo, Janos"]
[Result "1-0"]
[WhiteElo "2360"]
[BlackElo "2370"]

1.d4 Nf6 2.c4 e6 3.Nc3 Bb4 4.Nf3 O-O 5.Qc2 c5 6.e3 b6 7.a3 Bxc3+ 8.bxc3 Nc6
9.Bd3 d6 10.h4 e5 11.Ng5 exd4 12.cxd4 cxd4 13.Bxh7+ Kh8 14.Be4 Qe8 15.Bd5 Bd7
16.O-O Rc8 17.Bb2 Ne7 18.Qd1 Bg4 19.Qxd4 Nexd5 20.cxd5 Qb5 21.Rac1 Rc5 22.e4 Kg8
23.Qd2 Nh5 24.Bd4 Rcc8 25.Kh2 Bd7 26.Rfe1 Rfe8 27.f3 f6 28.Ne6 Bxe6 29.dxe6 Qb3
30.e7 Rxc1 31.Rxc1 Rxe7 32.Rc3 Qa4 33.Be3 Re5 34.Qxd6 Kh7 35.g4 Qa5 36.Qb4 Qa6
37.Qc4 b5 38.Qc8 Qa4 39.Qd7 Qa5 40.Bd2 b4 41.Rc7 Rxe4 42.gxh5 Qe5+ 43.Kh3 Rxh4+
44.Kxh4 Qh2+ 45.Kg4 Qg2+ 46.Kf4 Qh2+ 47.Ke3 Qg1+ 48.Ke4 Qb1+ 49.Kd5 Qb3+
50.Kc5 Qc2+ 51.Kb5 a6+ 52.Ka5  1-0

[Event "HUN-chT"]
[Site "HUN"]
[Date "1992.??.??"]
[Round "?"]
[White "Krutti, Valer"]
[Black "Schepp, Zoltan"]
[Result "1/2-1/2"]
[WhiteElo "2235"]
[BlackElo "2245"]

1.d4 Nf6 2.c4 e6 3.Nf3 Bb4+ 4.Nc3 c5 5.d5 b5 6.Bg5 Qa5 7.dxe6 dxe6 8.Qc2 Bb7
9.Bd2 bxc4 10.e3 Nbd7 11.Bxc4 O-O 12.O-O Nd5 13.Ng5 N7f6 14.e4 Bxc3 15.bxc3 Nb6
16.Be2 c4 17.f3 Qc5+ 18.Kh1 h6 19.Nh3 Rad8 20.Be1 e5 21.Bf2 Qc6 22.a4 Ba6
23.Rfb1 Nc8 24.Rb4 Rd7 25.Rd1 Rfd8 26.Rxd7 Rxd7 27.Be3 g5 28.Nf2 Kg7 29.Nd1 Nh5
30.g3 Nf6 31.g4 Nh7 32.Bc1 Nd6 33.Ne3 Nf8 34.Nd5 Ng6 35.Rb8 Rb7 36.Rd8 Rb3
37.Nb4 Qb6 38.Rxd6 Qf2 39.Rxg6+ Kxg6 40.Nxa6 Qe1+ 41.Kg2 Rxc3 42.Qd2 Qxc1
43.Qd6+ Kh7 44.Qc7 Qd2 45.Qxf7+ Kh8 46.Qe8+ Kh7 47.Qe7+ Kg8 48.Qe6+ Kh7 49.Qf5+ Kg8  1/2-1/2

[Event "HUN-chT"]
[Site "HUN"]
[Date "1992.??.??"]
[Round "?"]
[White "Sapi, Laszlo"]
[Black "Foldi, Istvan"]
[Result "1/2-1/2"]
[WhiteElo "2305"]
[BlackElo "2325"]

1.d4 Nf6 2.c4 e6 3.Nc3 Bb4 4.Nf3 c5 5.e3 Nc6 6.Bd3 Bxc3+ 7.bxc3 d6 8.e4 e5
9.d5 Ne7 10.Nh4 h6 11.f3 Nh5 12.g3 Nf6 13.Nf5 Nxf5 14.exf5 Bd7 15.Rb1 Qc8
16.g4 b6 17.O-O Kd8 18.a4 Qa6 19.Ra1 Qa5 20.Bd2 Kc7 21.Qc2 g6 22.fxg6 fxg6
23.Bxg6 Rag8 24.Kh1 Qa6 25.Bd3 Rg7 26.Ra2 e4  1/2-1/2

[Event "Karvina op"]
[Site "Karvina"]
[Date "1992.??.??"]
[Round "9"]
[White "Sobek, Jaroslav"]
[Black "Henc, Renata"]
[Result "0-1"]
[WhiteElo "2280"]
[BlackElo "2105"]

1.d4 Nf6 2.c4 e6 3.Nc3 Bb4 4.Nf3 b6 5.Bg5 h6 6.Bh4 Bb7 7.Nd2 c5 8.dxc5 Bxc5
9.e3 O-O 10.a3 Be7 11.f3 d5 12.Bf2 Nc6 13.Be2 d4 14.exd4 Nxd4 15.O-O Qd7
16.Nde4 Rfd8 17.Qxd4 Qxd4 18.Bxd4 Rxd4 19.Nxf6+ Bxf6 20.Rfd1 Rad8 21.Rxd4 Bxd4+
22.Kf1 Be5 23.h3 Rd2 24.Rb1 Bc6 25.Ke1 Rxb2 26.Rxb2 Bxc3+ 27.Rd2 Kf8 28.Bd3 Ke7
29.Ke2 Bxd2 30.Kxd2 Kd6 31.h4 Kc5 32.Kc3 e5 33.Bc2 a5 34.Bd3 Bb7 35.Bc2 Bc8
36.Bd3 Be6 37.Be2 Bf5 38.g3 g5 39.hxg5 hxg5 40.Bf1 e4 41.fxe4 Bxe4 42.Be2 f5
43.Bf1 f4 44.gxf4 gxf4 45.Be2 Bg2  0-1

[Event "Kecskemet"]
[Site "Kecskemet"]
[Date "1992.??.??"]
[Round "8"]
[White "Groszpeter, Attila"]
[Black "Aseev, Konstantin N"]
[Result "1/2-1/2"]
[WhiteElo "2495"]
[BlackElo "2560"]

1.d4 Nf6 2.c4 e6 3.Nc3 Bb4 4.Nf3 c5 5.g3 cxd4 6.Nxd4 O-O 7.Bg2 d5 8.cxd5 Nxd5
9.Bd2 Bxc3 10.bxc3 e5 11.Nb5 Nc6 12.c4 Nde7 13.Be3 Qa5+  1/2-1/2

[Event "Kuopio op"]
[Site "Kuopio"]
[Date "1992.??.??"]
[Round "3"]
[White "Sorri, Kari Juhani"]
[Black "Balashov, Yuri S"]
[Result "0-1"]
[WhiteElo "2345"]
[BlackElo "2550"]

1.d4 Nf6 2.c4 e6 3.Nc3 Bb4 4.Nf3 c5 5.a3 Bxc3+ 6.bxc3 b6 7.e3 Bb7 8.Bd3 d6
9.O-O O-O 10.Nd2 Nc6 11.Ne4 Nxe4 12.Bxe4 Na5 13.Bxb7 Nxb7 14.d5 e5 15.e4 f5
16.exf5 Rxf5 17.Qg4 Qf6 18.Ra2 Na5 19.Be3 Rf8 20.f3 Qg6 21.Qxg6 hxg6 22.Re1 Nxc4
23.Bc1 b5 24.a4 a6 25.axb5 axb5 26.Ra6 Rb8 27.h4 Rf7 28.Rc6 Rd7 29.Bg5 Nb6
30.f4 Nc4 31.fxe5 Nxe5 32.Ra6 b4 33.cxb4 cxb4 34.Rb1 b3 35.Bf4 Rb4 36.Bd2 Rb5
37.Bc3 Ng4 38.Ra4 Ne3 39.Ra8+ Kh7 40.Re1 Re7 41.Ra3 Nxd5 42.Rxe7 Nxe7 43.Bb2 Nc6
44.Kh2 Ne5 45.Ra7 Rd5 46.Kg3 Rd2 47.Bxe5 dxe5 48.Rb7 b2 49.Kf3 e4+ 50.Kxe4 Rxg2
51.Kf3 Rc2 52.Rb8 g5 53.hxg5 Kg6 54.Rb7 Kf5 55.Rb5+ Ke6 56.Ke4 Kd6 57.Kd3 Kc6
58.Rb8 Rg2 59.Kc4 Kd6 60.Kd4 Ke6 61.Ke4 Kf7 62.Rb6 g6 63.Kf3 Rc2 64.Ke4 Ke7
65.Kd3 Rg2 66.Ke4 Kd7 67.Kd4 Kc7 68.Rb5 Kc6 69.Rb8 Rf2 70.Ke3 Rh2 71.Ke4 Kc5
72.Kd3 Rg2 73.Rb7 Rg3+ 74.Kc2 Kd4 75.Rb8 Ke5  0-1

[Event "Manila ol (Men)"]
[Site "Manila"]
[Date "1992.??.??"]
[Round "?"]
[White "Campos Moreno, Javier B"]
[Black "Martin, Benjamin"]
[Result "1-0"]
[WhiteElo "2505"]
[BlackElo "2320"]

1.d4 Nf6 2.c4 e6 3.Nc3 Bb4 4.Nf3 c5 5.g3 Nc6 6.Bg2 O-O 7.O-O d5 8.cxd5 exd5
9.Bg5 Be6 10.dxc5 Bxc5 11.Bxf6 Qxf6 12.Nxd5 Qxb2 13.Nc7 Rad8 14.Qc1 Qxc1
15.Raxc1 Bb6 16.Nxe6 fxe6 17.e3 h6 18.Rc4 Rxf3 19.Bxf3 Ne5 20.Bg4 Nxc4 21.Bxe6+ Kf8
22.Bxc4 Bc5 23.Rb1 b6 24.Rb2 Ke7 25.Kg2 Kf6 26.h4 Rd1 27.Bb3 Rd8 28.e4 Ke5
29.Bd5 g5 30.f3 Rf8 31.hxg5 hxg5 32.Rd2 Rf6 33.Rd3 Rh6 34.Rd1 Be3 35.Rb1 Bc5
36.Rc1 Rh8 37.Bc4 Rh6 38.Bb3 Rd6 39.Kh3 Rd2 40.Bd5 Rf2 41.Kg4 Rg2 42.Rf1 Be3
43.Kh3 Rf2 44.Rd1 Rd2 45.Re1 Bf2 46.Rc1 Bc5 47.Bc4 Be3 48.Re1 Bf2 49.Rb1 Bc5
50.a4 Rd4 51.Rc1 Rd2 52.Bf1 Ra2 53.Rd1 Rxa4 54.Rd5+ Kf6 55.Rf5+ Kg6 56.Kg4 Be3
57.Bb5 Ra1 58.e5 Bc5 59.e6 Re1 60.Bd3 Rd1 61.Bc2 Rd4+ 62.f4 Kg7 63.Rf7+ Kg8
64.Bh7+ Kh8 65.e7  1-0

[Event "Manila ol (Men)"]
[Site "Manila"]
[Date "1992.??.??"]
[Round "?"]
[White "Campos Moreno, Javier B"]
[Black "Grosar, Aljosa"]
[Result "1-0"]
[WhiteElo "2505"]
[BlackElo "2455"]

1.d4 Nf6 2.c4 e6 3.Nc3 Bb4 4.Nf3 c5 5.g3 cxd4 6.Nxd4 O-O 7.Bg2 d5 8.cxd5 Nxd5
9.Bd2 Bxc3 10.bxc3 e5 11.Nb3 Nc6 12.c4 Nb6 13.c5 Nc4 14.Qc2 Nxd2 15.Rd1 Be6
16.Rxd2 Bxb3 17.axb3 Nd4 18.Qc3 Qc7 19.O-O Rac8 20.Re1 a5 21.f3 Ne6 22.Rd5 b6
23.Bh3 e4 24.c6 Rce8 25.Rd2 Qc8 26.Bxe6 Rxe6 27.Qc4 h6 28.Qd5 Ree8 29.c7 Qa8
30.Qd6 b5 31.Red1 Rc8  1-0

[Event "Manila ol (Men)"]
[Site "Manila"]
[Date "1992.??.??"]
[Round "?"]
[White "Enhbat, Tegshsuren"]
[Black "Grosar, Aljosa"]
[Result "1-0"]
[WhiteElo "2205"]
[BlackElo "2455"]

1.d4 Nf6 2.c4 e6 3.Nc3 Bb4 4.Nf3 c5 5.g3 cxd4 6.Nxd4 O-O 7.Bg2 d5 8.O-O dxc4
9.Qa4 Na6 10.Ndb5 Nd5 11.Rd1 Bxc3 12.Nxc3 Nxc3 13.bxc3 Nc5 14.Qc2 Qc7 15.Rd4 e5
16.Rxc4 Be6 17.Rh4 f5 18.Be3 Rad8 19.g4 b6 20.Rf1 Qe7 21.Rh5 g6 22.Bg5 Qf7
23.Rh4 Rd6 24.gxf5 gxf5 25.Rd1 Rxd1+ 26.Qxd1 Bxa2 27.c4 Ne6 28.Bd5 Qg6 29.Qd2 Rf7
30.Kh1 Qxg5 31.Qxg5+ Nxg5 32.Rh5 h6 33.h4 Kg7 34.hxg5 Rc7 35.gxh6+ Kg6 36.Rh4 Rh7
37.f4 Rxh6 38.Rxh6+ Kxh6 39.fxe5 b5 40.e6 bxc4 41.e7 c3 42.e8=Q Bxd5+ 43.Kg1 c2
44.Qh8+ Kg6 45.Qc3 Be4 46.Kf2  1-0

[Event "Manila ol (Women)"]
[Site "Manila"]
[Date "1992.??.??"]
[Round "?"]
[White "Fischdick, Gisela"]
[Black "Baginskaite, Kamile"]
[Result "1/2-1/2"]
[WhiteElo "2270"]
[BlackElo "2280"]

1.d4 Nf6 2.c4 e6 3.Nc3 Bb4 4.Nf3 d5 5.cxd5 exd5 6.Bg5 h6 7.Bxf6 Qxf6 8.Qb3 c5
9.e3 O-O 10.a3 Bxc3+ 11.bxc3 c4 12.Qb2 Nc6 13.Be2 Bg4 14.O-O b6 15.Rfe1 Rae8
16.Qb5 Qd6 17.Nd2 Bd7 18.Qb2 f5 19.g3 b5 20.Bf3 Kh8 21.Bg2 Rf6 22.Rad1 Nd8
23.Qb4 g5 24.Nf3 Nf7 25.Rb1 Bc6 26.Qa5 Re7 27.Kf1 Kg7 28.h4 Rfe6 29.Qb4 Qc7
30.Qc5 a5 31.Kg1 g4 32.Nd2 Nd8 33.a4 bxa4 34.Ra1 Nb7 35.Qa3 Nd6 36.Qc5 Nb7
37.Qa3 Nd6  1/2-1/2

[Event "Manila ol (Men)"]
[Site "Manila"]
[Date "1992.??.??"]
[Round "?"]
[White "Ricardi, Pablo"]
[Black "Gulko, Boris F"]
[Result "0-1"]
[WhiteElo "2465"]
[BlackElo "2560"]

1.d4 Nf6 2.c4 e6 3.Nc3 Bb4 4.Nf3 c5 5.g3 cxd4 6.Nxd4 O-O 7.Bg2 d5 8.cxd5 Nxd5
9.Bd2 Bxc3 10.bxc3 e5 11.Nb5 Nc6 12.c4 Nb6 13.c5 Nc4 14.Qc2 a6 15.Qxc4 Be6
16.Qc2 axb5 17.O-O Nd4 18.Qe4 Rxa2 19.Rxa2 Bxa2 20.Qxe5 Bc4 21.Be3 Nxe2+
22.Kh1 b4 23.Qe4 Qd3 24.Qxb7 b3 25.Qb4 Qc3 26.Qb6 Nxg3+ 27.hxg3 Bxf1 28.Bxf1 b2
29.Kg2 Qc2 30.Bd3 Qxd3 31.Qxb2 Qd5+ 32.Kh2 h6 33.Qb6 Ra8 34.Qb2 Qe4 35.Qc3 Ra4
36.Qb2 Rb4 37.Qe2 Rb1 38.f3 Qe5 39.Qd3  0-1

[Event "Moscow Tal mem"]
[Site "Moscow"]
[Date "1992.??.??"]
[Round "?"]
[White "Zvjaginsev, Vadim"]
[Black "Podgaets, Mikhail"]
[Result "1-0"]
[WhiteElo "2415"]
[BlackElo "2450"]

1.d4 Nf6 2.c4 e6 3.Nf3 Bb4+ 4.Nc3 c5 5.g3 cxd4 6.Nxd4 O-O 7.Bg2 d5 8.cxd5 Nxd5
9.Qb3 Qa5 10.Bd2 Na6 11.O-O Nxc3 12.Bxc3 Bxc3 13.Qxc3 Qxc3 14.bxc3 Nc5 15.Nb3 Na4
16.c4 Rb8 17.c5 e5 18.Rfc1 Be6 19.Na5 b6 20.Nc6 Nxc5 21.Nxb8 Rxb8 22.Kf1 Kf8
23.Ke1 Ke7 24.Rd1 Rc8 25.Bd5 Bd7 26.Rac1 Ba4 27.Bb3 Bc6 28.Rc3 f5 29.f3 e4
30.Kf2 Bb7 31.Ke3 Rf8 32.Bd5 Rd8 33.Bb3 Rf8 34.Bc2 Rf6 35.Ra3 a5 36.Rc3 Re6
37.Kf2 Ba6 38.fxe4 fxe4 39.Bb3 Rf6+ 40.Ke3 Rh6 41.h4 Rg6 42.Kf2 Bb7 43.Ke1 Rf6
44.Bd5 Ba6 45.Bc4 Bc8 46.Rd5 Bh3 47.Re5+ Kd6 48.Rg5 g6 49.h5 Rf1+ 50.Kd2 Bf5
51.g4 Rg1 52.Bg8 Ke5 53.Bxh7 Kf4 54.Rxf5+ gxf5 55.Bxf5 Kg5 56.Rc2 Rg3 57.Rc3 Rg1
58.Ke3 Ra1 59.Rc2  1-0